LIBRARY & INFORMATION CENTRE, KCAET, TAVANUR

ONLINE PUBLIC ACCESS CATALOGUE (OPAC)

Advanced Structural Analysis (Record no. 14410)

MARC details
000 -LEADER
fixed length control field 00290nam a22001217a 4500
020 ## - INTERNATIONAL STANDARD BOOK NUMBER
ISBN 9788173199394
082 ## - DEWEY DECIMAL CLASSIFICATION NUMBER
Classification number 624.
Item number DEV/AD
100 ## - MAIN ENTRY--AUTHOR NAME
Personal name Devdas Menom
245 ## - TITLE STATEMENT
Title Advanced Structural Analysis
260 ## - PUBLICATION, DISTRIBUTION, ETC. (IMPRINT)
Place of publication New Delhi
Name of publisher Narosa Publishing House
Year of publication 2012
300 ## - PHYSICAL DESCRIPTION
Number of Pages 685
942 ## - ADDED ENTRY ELEMENTS (KOHA)
Koha item type Books
Holdings
Withdrawn status Lost status Damaged status Collection code Home library Current library Shelving location Date acquired Source of acquisition Cost, normal purchase price Full call number Accession Number Koha item type
        KAUAET KAUAET General Stacks 30/03/2013 Aman Book Stall, Calicut 495.00 624. DEV/AD 24001 Books
free website counter